000 00505nam a2200181Ia 4500
001 8912
005 20260306160644.0
008 260306t2010||||xx |||||||||||||| ||spa||
041 _aESP
082 _a371.9144
_bC31
100 _aCarrillo Gallego, Marisol (coordª.)
_eAUT
245 0 _aDislexia y sordera:
_blíneas actuales en el estudio de la lengua escrita y sus dificultades
260 _c2010
300 _a262 páginas :
_c24 cm.
650 _aGEN
654 _aCED
942 _cLIB
_dJUS
_fJUS
_2ddc
_n
999 _c8912
_d8912